00756nam a22002537a 4500001000700000003000900007005001700016007000300033008003600036020001500072040003000087082002700117100004700144245005300191264004200244300002900286336002700315337003500342338003000377490002300407650002300430650002500453650002400478000563DO-SdBPM20250807105425.0ta160316b1994 sp |||| 00| 0 spa d a8420646385 aDO-SdBPMbspacBPMSUerda 4aP863.6 bE24m 19942221 aBryce Echenique, Alfredo, d1939-.eautor 10aMuerte de Sevilla en Madrid / cBryce Echenique. aMadrid : bAlianza Editorial, c1994. a62 páginas ; c15 cm. atextobtxt2rdacontent asin mediación bn2rdamedia  avolumen bnc2rdacarrier 0 aAlianza cien, v38 7aNovela peruana 2  7aNostalgiav Novela.  7aLiteratura peruana